| 000 | 00482nam a2200157 a 4500 | ||
|---|---|---|---|
| 001 | 1134 | ||
| 003 | CDMR | ||
| 005 | 20130708111535.0 | ||
| 008 | 130130s1987||||||||||||||||||||||||||||d | ||
| 040 |
_aCDMR _bcat _cCPC GIRONA |
||
| 100 | 1 |
_aNadal i Caparà, Joaquim _9888 |
|
| 245 | 1 | 4 |
_aEls comptes de Barcelona _bL'experiència del finançament municipal (1981-1986) _cde Nadal i Caparà, Joaquim |
| 260 |
_c1987 _bPolítiques / Edicions 62 |
||
| 490 | 0 |
_aPolítiques _v2 |
|
| 942 |
_cMON _2udc |
||
| 999 |
_c1134 _d1134 |
||